000 00328nam a2200121Ia 4500
005 20251222141816.0
008 251222s9999||||xx |||||||||||||| ||spa||
082 _a869.56/H96
100 _aHurtado de Mendoza Santander, William
245 0 _aAntifábulas de la Granja
264 _bUniversidad Nacional de la Molina
942 _cLIB
999 _c6650
_d6650